| 000 | 00836nam a2200229 i 4500 | ||
|---|---|---|---|
| 001 | 12209 | ||
| 003 | ES-MaACL | ||
| 005 | 20231215063503.0 | ||
| 007 | t| | ||
| 008 | 970425s1983 fr |||| | spa d | ||
| 080 | _a860 Pérez Galdós, Benito 7 Miau.06 | ||
| 080 | _a782.1(0:82) | ||
| 100 | 1 |
_aEntenza de Solare, Beatriz Elena _947305 |
|
| 245 | 1 | 0 |
_aAl margen de Miau _b: el mundo de la ópera / _cBeatriz Entenza de Solare. |
| 260 |
_aBordeaux : _bÉditions Bière, _c1983. |
||
| 300 |
_aP. 105-126 ; _c24 cm. |
||
| 595 | _aSeparata de: Bulletin hispanique, T. LXXXV, n. 1-2, janvier-juin 1983. | ||
| 600 | 1 | 4 |
_aPérez Galdós, Benito, _d1843-1920. _tMiau _990881 |
| 650 | 4 |
_aMúsica- _xEn la literatura. _9169364 |
|
| 852 |
_aES-MaACL _j2141-F-17 _z. - Dedicatoria autógrafa de la autora |
||
| 999 |
_c12209 _d12209 |
||